Länder, die an jeder Winterolympiade teilgenommen haben - Statistiken

Allgemein
  • Dieses Quiz wurde 318 mal gespielt
  • Das Durchschnittsergebnis liegt bei 10 aus 14
Antwortstatistiken
Land % Korrekt
Norwegen
95%
Schweden
93%
Vereinigte Staaten
93%
Finnland
89%
Schweiz
88%
Frankreich
86%
Kanada
86%
Österreich
85%
Italien
80%
Polen
63%
Grossbritannien
51%
Tschechien
51%
Ungarn
35%
Slowakei
34%
Keine übereinstimmenden Quizze gefunden
Verteilung der Resultate
Anzahl Personen mit jedem Resultat
Perzentil nach korrekt beantworteten Fragen
Ihre Resultats-Entwicklung
Sie haben dieses Quiz noch nicht gespielt